|
|
|
|
| LEADER |
00000nam0a2200000 4500 |
| 001 |
282451 |
| 005 |
20231101235511.0 |
| 035 |
|
|
|a (RuTPU)RU\TPU\book\306351
|
| 090 |
|
|
|a 282451
|
| 100 |
|
|
|a 20150130d1984 k y0rusy50 ca
|
| 101 |
0 |
|
|a rus
|
| 102 |
|
|
|a MD
|
| 105 |
|
|
|a a z 001zy
|
| 200 |
1 |
|
|a Управляемые линии электропередачи
|f Академия наук Молдавской ССР (АН МолССР) ; под ред. В. А. Веникова
|
| 210 |
|
|
|a Кишинев
|c Штиинца
|d 1984
|
| 215 |
|
|
|a 297 с.
|c ил.
|
| 320 |
|
|
|a Библиогр.: с. 283-292
|
| 606 |
|
|
|a Режимы электропередач
|2 stltpush
|3 (RuTPU)RU\TPU\subj\24360
|9 48718
|
| 610 |
1 |
|
|a линии электропередачи
|
| 610 |
1 |
|
|a создание
|
| 610 |
1 |
|
|a параметры
|
| 610 |
1 |
|
|a характеристики
|
| 610 |
1 |
|
|a индуктивность
|
| 610 |
1 |
|
|a конструкции
|
| 610 |
1 |
|
|a трансформаторные устройства
|
| 610 |
1 |
|
|a электрическое поле
|
| 610 |
1 |
|
|a напряженность
|
| 610 |
1 |
|
|a схемы
|
| 610 |
1 |
|
|a расчет
|
| 610 |
1 |
|
|a уравнения
|
| 675 |
|
|
|a 621.315.05
|v 3
|
| 702 |
|
1 |
|a Веников
|b В. А.
|4 340
|
| 712 |
0 |
2 |
|a Академия наук Молдавской ССР (АН МолССР)
|2 stltpush
|3 (RuTPU)RU\TPU\col\22878
|
| 801 |
|
1 |
|a RU
|b 63413507
|c 20150130
|
| 801 |
|
2 |
|a RU
|b 63413507
|c 20170816
|g RCR
|
| 942 |
|
|
|c BK
|